000 00628nam a22002177a 4500
003 UA-OsUOA
001 110104
007 ta
008 20150217b un ||||| |||| 00| 0 ukr d
100 _aЙосипенко С.
090 _a101
_bИ99
942 _cSA
040 _aUA-OsUOA
_bukr
_cUA-OsUOA
_dUA-OsUOA
245 _aМихайло Драгоманов та європейська ліберальна культура
300 _aС.79-85
955 _a0
041 _aukr
080 _a101
773 0 _w110094
_tМандрівець
_dТернопіль
_d2014
_g6
650 7 _a1 Філософські науки
_2UDC
999 _c396136
_d396136